MDQL
is popping MORE tags! Check the
thread
!
Quizzes
Events
Quiz Creation
Community
Videos
Private Events
Remove Ads
Sign In
Join for FREE
Feedback
Dark Mode
Quiz Categories
Sports
Geography
Music
Movies
Television
Just For Fun
Miscellaneous
History
Literature
Language
Science
Gaming
Entertainment
Religion
Holiday
For Kids
Quiz Lab
Recent
Popular Today
Quiz Kudos Today
Editor Picks
Curator Picks
Quizzes by...
Day
Popularity
Type
Ratings
Length
Year
Community
Subscriptions
Recent Discussions
Orange Saloon
Badges
Playlists
Quests
Create
Leaderboards
Showdown
Live 5
Trivia Bingo
Activity
Puzzle Library
Sporcle Events
Private Events
Virtual Trivia
Globe League
Become a Host
Pub Owners
SporcleCon
Opinionation
Our Games
Videos
Blog
Mobile Apps
Partnerships
Remove Ads and Go Orange
Feedback
Entertainment
Celebrity
Famous
Musical
Broadway
Show
Quote
Comic Books
Anime
Superhero
DC Comics
Marvel
Cartoons
Animation
Entertainment
Celebrity
Famous
Musical
Broadway
Show
Quote
Comic Books
Anime
Superhero
DC Comics
Marvel
Cartoons
Animation
Random Quiz
Search Sporcle
×
Quiz Lab
Quiz Lab
Entertainment
Country
Type in answers that appear in a list
Type in answers that appear in a list
Classic
Best Score? Go Orange.
Popular Canadian Actors/Actresses Stats
Can you name the The Most Popular Canadian Actors and Actresses?
By
G_Spot
4m
30 Questions
300 Plays
300 Plays
300 Plays
Comments
Comments
Give Quiz Kudos
Give Quiz Kudos
-
- Ratings
hide this ad
Random Order
Randomize order of answers
Randomize order of answers
Replay
Link that replays current quiz
Next Quiz
Link to next quiz in quiz playlist
You Got
0%
They Got
Avg Score
52%
Avg Friend Score
Upgrade to see
Score Distribution
Jump to the score distribution portion of the page
Score
0/30
Timer
04:00
0
Plays Today
Starred in ...
Actor/Actress
% Correct
Austin Powers
Mike Myers
83.7%
Ace Ventura
Jim Carrey
82.7%
Back to the Future
Michael J. Fox
80%
The Matrix
Keanu Reeves
74.3%
Baywatch
Pamela Anderson
70.3%
Mean Girls
Rachel McAdams
69.3%
Knocked Up
Seth Rogen
65.3%
The Notebook
Ryan Gosling
63.7%
24
Kiefer Sutherland
63.3%
Planes, Trains and Automobiles
John Candy
63.3%
Friends
Matthew Perry
62%
Van Wilder
Ryan Reynolds
60%
Super Bad
Michael Cera
58.3%
Deal or No Deal
Howie Mandel
58%
Star Trek
William Shatner
57.7%
Starred in ...
Actor/Actress
% Correct
The Mummy
Brendan Fraser
57.7%
Ghost Busters
Dan Aykroyd
56%
Honey, I Shrunk the Kids
Rick Moranis
55.7%
Freddy got Fingered
Tom Green
47%
Grey's Anatomy
Sandra Oh
43%
American Pie
Eugene Levy
40.7%
The Girl Next Door
Elisha Cuthbert
37.7%
Sex and the City
Kim Cattrall
36.7%
Father of the Bride
Martin Short
35.3%
Whose line is it anyways?
Colin Mochrie
32%
Star Wars II|
III
Hayden Christensen
31%
Will and Grace
Eric McCormack
30.7%
Lost
Evangeline Lilly
28.7%
The Imaginarium of Doctor Parnassus
Christopher Plummer
26.7%
Entourage
Emmanuelle Chriqui
12.7%
Quiz Playlist
Details
Report
Send in Message
Add To Playlist
Classic:
Type in answers that appear in a list
Random Order:
Randomize order of answers
Last Updated: Feb 16, 2017
Quiz Scoreboard
CHALLENGE
Sign Up to Join the Scoreboard
Show All
Scores
Hide
Comments
May contain spoilers
Recently Published
1-10 Letter E Words III
by El_Dandy
Language
2m
Street Fighter Characters
by Artimus82
Gaming
60s
College Basketball Coaching Resumes
by pancakes188
Sports
9m
More to Explore
Quiz From the Vault
Featured Blog Post
Where Did the Easter Bunny Come From?
hide this ad
You Might Also Like...
Tags
Actor Quiz
Actress Quiz
Canada Quiz
Country Quiz
Famous Quiz
United States Quiz
Today's Top Quizzes in Entertainment
Browse Entertainment
hide this ad
Today's Top Quizzes in Country
Browse Country
Top Contributed Quizzes in Entertainment
1
7-to-1: DC Comics Villains
2
Marvel Characters Bunker
3
Dragon Ball Z: Goku's Fights in Order
4
Eurovision 2023 Logic Puzzle
5
Sorting Pictures: Villains
6
Criteria Quickie: Cartoon Taxonomy II
7
Mini Trivia Sudoku: Musicals
8
7-to-1: One Piece
9
Fictional Villains Letter U Blitz
10
Click the Cartoon Scott
Explore More
Trending Topics
Anime
NBA
Harry Potter
Disney
Marvel
Kpop
Crossword
Soccer
Puzzle
Country
Pokémon
The Office
NFL
WWE
Song
hide this ad
More By:
G_Spot
Quiz
Plays
Rating
Category
Featured
Created
SuperBowl Winning States
1,096
3.25
Sports
Dec 4, 2010
Immigrant Languages of the UK
591
1.85
Geography
Jan 12, 2011
Most Spoken Languages in America
447
3.67
Language
Dec 4, 2010
SuperBowl Hosting States
381
2.50
Sports
Dec 4, 2010
2010 american car sales
348
3.50
Miscellaneous
Dec 3, 2010
Go to Creator's Profile
Score Distribution
Quiz Creator Spotlight
G_Spot
Follow
Send a Message
Quizzes Created
-
Created Quiz Play Count
-
More By This Creator
Popular Quizzes Today
1
Find the US States - No Outlines Minefield
2
Find the Countries of Europe - No Outlines Minefield
3
The Countries of the World
4
Find the US States
5
Risky Map Clicking: Biggest States A-Z
6
US States
7
Popular People in 1961
8
Movies - When Are They Set?
More Entertainment Quizzes
Superheroes by Mouse Pad
Published
Trending Quizzes
Risky Map Clicking: Least Populous States A-Z
Billboard Blitz: Aretha Franklin
Famous Russians: Author or Composer?
1-10 Letter G Words
Countries of the World: 200 Million BC
Recently Updated
Leaping Animals
pecheneg
Reality TV Shows (A-Z)
bhenderson79
Rickey Henderson's Hall of Fame Teammates
pecheneg
Champions League XIs: Arsenal
pecheneg
Quick Pick: Celebrities in WWE's Hall of Fame
aduchscher
A-Z Keypad Blitz II
pecheneg
Multiple Oscar Actors
pecheneg
Mystery Phrase Blitz: Oscar 'Best Actors'
pecheneg
F. Scott Fitzgerald Novels
LTH
Pick 3 Villains
ddd62291
Trending Topics
Disney
Harry Potter
Crossword
Marvel
Anime
Kpop
NBA
Soccer
Puzzle
NFL
Country
WWE
Pokémon
Song
The Office
Your Account Isn't Verified!
In order to create a playlist on Sporcle, you need to verify the email address you used during registration. Go to your
Sporcle Settings
to finish the process.
Report this User
Report this user for behavior that violates our
Community Guidelines
.
Details:
Send Report
Go to the Sporcle.com Mobile Site →
Comments